Human resource accounting : (Record no. 147349)

MARC details
000 -LEADER
fixed length control field 00633nam a22001937a 4500
005 - DATE AND TIME OF LATEST TRANSACTION
control field 20171113141847.0
010 ## - LCCN (DPL NO)
LC control number ENG-121317
020 ## - INTERNATIONAL STANDARD BOOK NUMBER
International Standard Book Number 8187301279
Terms of availability 500.00
035 ## - SYSTEM CONTROL NUMBER
System control number EN-104849
037 ## - SOURCE OF ACQUISITION
Source of stock number/acquisition DBAD/PUB
082 ## - DEWEY DECIMAL CLASSIFICATION NUMBER
Classification number 658.3
100 ## - MAIN ENTRY--PERSONAL NAME
Personal name Umachandran, Krishan
245 ## - TITLE STATEMENT
Title Human resource accounting :
Statement of responsibility, etc by Krishnan Umachandran [and] P.Amuthalakshmi
Remainder of title quality & quantity /
260 ## - PUBLICATION, DISTRIBUTION, ETC. (IMPRINT)
Place of publication, distribution, etc Chennai
Name of publisher, distributor, etc Armoise Trustt
Date of publication, distribution, etc 2009
270 ## - ADDRESS
Address Tamil Puduvai, No.22, Car Street, Pillaichavady,
City Chennai
Postal code 605014
300 ## - PHYSICAL DESCRIPTION
Extent 223 p. :
Dimensions 22 cm (Pbk)
Other physical details ill.
700 ## - ADDED ENTRY--PERSONAL NAME
Personal name P. Amuthalakshmi
942 ## - ADDED ENTRY ELEMENTS (KOHA)
Source of classification or shelving scheme Dewey Decimal Classification
Item type English Books
Classification part 658.3
Call number suffix UMA
Holdings
Withdrawn status Lost status Not for loan Collection code Home library Current library Date acquired Source of acquisition Cost, normal purchase price Full call number Barcode Copy number Cost, replacement price Koha item type
    Not For Loan Non-fiction D.B.Act.Division Bawana 13/11/2017 DBAD/PUB 500.00 658.3 UMA EN-104849 1 500.00 English Books

© Delhi Public Library
Hit Counter
free hit counter